An American tragedy
Novela dramática que narra la historia de Clyde Griffiths, quien pasa su vida en la búsqueda desesperada del éxito, es criado por padres pobres y devotos religiosos, y para ayudar a mantener a su familia debe aceptar trabajos serviles, donde sus colegas más sofisticados le presentan episodios de beb...
Uloženo v:
| Hlavní autor: | |
|---|---|
| Médium: | Kniha |
| Jazyk: | Undetermined |
| Vydáno: |
New York, Estados Unidos
New American Library
1964
|
| Témata: | |
| Tagy: |
Přidat tag
Žádné tagy, Buďte první, kdo vytvoří štítek k tomuto záznamu!
|
MARC
| LEADER | 00000nam a2200000Ia 4500 | ||
|---|---|---|---|
| 008 | 170316s9999 xx 000 0 und d | ||
| 040 | |a cru BVZT | ||
| 090 | |a 810 D-12a | ||
| 100 | |a Dreiser, Theodore |9 783 | ||
| 245 | 3 | |a An American tragedy |c / Theodore Dreiser | |
| 260 | |a New York, Estados Unidos | ||
| 260 | |b New American Library | ||
| 260 | |c 1964 | ||
| 300 | |a 831 páginas | ||
| 520 | |a Novela dramática que narra la historia de Clyde Griffiths, quien pasa su vida en la búsqueda desesperada del éxito, es criado por padres pobres y devotos religiosos, y para ayudar a mantener a su familia debe aceptar trabajos serviles, donde sus colegas más sofisticados le presentan episodios de bebida social y sexo con prostitutas. Es una descripción de las duras realidades de la vida estadounidense, y del lado oscuro del sueño americano. Un comentario sobre la sociedad, religión, estatus social, relaciones, moral, crimen, castigo, la toma de decisiones, la justificación del comportamiento para sí mismo, entre otros temas. | ||
| 650 | |a LITERATURA ESTADOUNIDENSE |9 25 | ||
| 650 | |a EN IDIOMA INGLÉS |9 129 | ||
| 650 | |a NOVELA DRAMÁTICA |9 566 | ||
| 999 | |c 20943 |d 20943 | ||
| 942 | |c 15 D |h 810 D-12a |2 z | ||
